LEADER 01643nam a2200325 i 4500 001 000000175380 003 CaOOAMICUS 005 20081219000000.0 008 081219s1974 it u000 u ita u 013 $a152857 040 $aSeMil$bita 245 10$aMessaggi di Paolo 6. per la Giornata Mondiale di Preghiere per le Vocazioni, 1964-74 :$bintroduzione ai documenti, indice tematico. 260 $aRoma :$bCentro Nazionale Vocazioni,$c1974. 300 $a121 p. ;$c21 cm. 490 0 $aVocazioni-Documenti ;$v3 500 $aIn testa al front.: Centro nazionale vocazioni. - Dono di don Romano Martinelli. 650 4$aVocazione religiosa.$0(OLS)http://semarc/subject/47 650 4$aPaolo VI - Scritti, discorsi, omelie, lettere pastorali, etc.$0(OLS)http://semarc/subject/499 700 0 $aPaulus VI,$c.$0(OLS)http://semarc/name/803 710 2 $aConferenza Episcopale Italiana : Centro Nazionale Vocazioni.$0(OLS)http://semarc/name/2418 830 0$aVocazioni-Documenti ;$v3.$0(OLS)http://semarc/title/26935 850 $aSeMil 852 $aSeMil$W1$xVenegono$y1$m2A II 472$j126203$B126203$CSeMilBibl$Z2$F138699 $81 900 1 $aMontini, Giovanni Battista,$d<1897-1978>. 900 0 $aPaolo VI$c. 961 $aOmaggio: Martinelli don Romano 996 $6245$aMessaggi di Paolo 6. per la Giornata Mondiale di Preghiere per le Vocazioni, 1964-74 :$bintroduzione ai documenti, indice tematico$9(OLS)http://semarc/title/251531 996 $6260$aRoma :$bCentro Nazionale Vocazioni$9(OLS)http://semarc/publisher/33338 LEADER 01079nam a2200241 i 4500 001 000000034646 003 CaOOAMICUS 005 20260410090459.0 008 981021s1973 it u000 u ita u 013 $a1375 040 $aSeMil$bita 245 14$aGli Atti degli apostoli /$commento di Gustav Stahlin ; traduzione italiana di Bruno Liverani ; edizione italiana a cura di Enzo Gatti. 490 0 $aNuovo Testamento ;$v5 650 4$aBibbia. Nuovo Testamento. Atti degli Apostoli - Commentari, studi, critica, interpretazioni.$0(OLS)http://semarc/subject/30 700 1 $aStählin, Gustav.$0(OLS)http://semarc/name/15933 700 1 $aGatti, Enzo.$0(OLS)http://semarc/name/2575 700 1 $aLiverani, Bruno.$0(OLS)http://semarc/name/15934 830 0$aNuovo Testamento ;$v5.$0(OLS)http://semarc/title/459017 850 $aSeMil 852 $aSeMil$W1$xVenegono$y1$m2Z I 495$j228932$B801$CSeMilBibl$Z2$F801 $81 961 $aAcquisto: Casa editrice 996 $6245$aGli Atti degli apostoli$9(OLS)http://semarc/title/20230